000 00795nam a2200229 a 4500
001 48010
003 BD-RjUL
005 20211209054436.0
008 160811s1998 bg a|||| |||| 00| j ben d
020 _a9844014530
_c: Tk. 70.00
035 _a(BD-RjUL) 48129
040 _aBD-RjUL
_bben
_cBD-RjUL
041 _aben
082 _223
_a891.443
_bSAA 1998
100 1 _aসরকার, সন্জু
_9145609
245 1 0 _aঅপারেশন জয়বাংলা /
_cসন্জু সরকার
260 _aঢাকা :
_bআগামী প্রকাশনী,
_c১৯৯৮
300 _a১০২ পৃ. :
_bচিত্র ;
_c২১ সেমি.
650 _aবাংলা উপন্যাস
_9145610
650 _aBengali Fiction
_9145611
942 _2ddc
_cBK
999 _c48010
_d48010